|
|
|
|
| LEADER |
00000nam a2200000 a 4500 |
| 001 |
vtls008932808 |
| 003 |
SK-MaSNL |
| 005 |
20260302075550.0 |
| 008 |
240318s2005 xo o g 001 0 slo |
| 015 |
|
|
|a SNBA2008/01-00456
|
| 020 |
|
|
|a 8096931334
|q (viaz.)
|
| 035 |
|
|
|a E62B60C7-925A-4377-9EC0-908E92934208
|
| 035 |
|
|
|a urn:nbn:sk:snk-amtffq
|
| 035 |
|
|
|a urn:nbn:sk:snk-am00ccb7
|
| 040 |
|
|
|a SNK
|b slo
|c SNK
|e AACR2
|
| 041 |
1 |
|
|a slo
|h ger
|
| 044 |
|
|
|a xo
|c SK
|
| 072 |
|
7 |
|a 641
|x Kuchárstvo. Potraviny. Varené jedlá
|2 konspekt
|
| 080 |
|
|
|a 641.85
|2 2001
|
| 080 |
|
|
|a (083.12)
|2 2001
|
| 100 |
1 |
|
|a Schmedes, Christa
|4 aut
|9 695402
|
| 240 |
1 |
0 |
|a Lieblings-Kuchen
|l Slovensky
|
| 245 |
1 |
0 |
|a Múčniky
|c Christa Schmedes ; foto: Ulrika Schmidt a Sabine Mader
|
| 250 |
|
|
|a 1. vyd.
|
| 260 |
|
|
|a Prešov
|b Luna corporation
|c 2005
|
| 500 |
|
|
|a Prel. z nemčiny
|
| 500 |
|
|
|a Fareb. fotogr. na tit. strane
|
| 504 |
|
|
|a Reg. Zoz. receptov
|
| 650 |
0 |
7 |
|a múčniky
|2 SNKPH
|9 669
|
| 655 |
|
7 |
|a kuchárske recepty
|2 SNKPH
|9 70493
|
| 700 |
1 |
|
|a Schmidt, Ulrika
|4 pht
|9 742573
|
| 700 |
1 |
|
|a Mader, Sabine
|4 pht
|9 742574
|
| 919 |
|
|
|a 80-969313-3-4
|
| 958 |
|
|
|a OP
|
| 968 |
|
|
|b DT
|d 64
|
| 999 |
|
|
|c 1169737
|d 1171667
|
| 952 |
|
|
|a SNK
|b SNK
|y PREZ
|7 0
|p 17A0533865
|o snkSB 73531
|i snk2007/266
|8 0
|0 0
|1 0
|4 0
|d 2007-01-05
|f 1
|l 0
|r 2025-04-28 00:00:00
|w 2026-02-24
|